Escuela del Trabajo /
Descripción Física:
Il·lustracions
Colección:
San Jorge,
; núm. 18 (abril 1955), pàg. 80-87
Otros Autores:
Léonard, Jacques, 1909-1995
Idioma:
Español
MARC
| LEADER | 00000naa a2200000 a 4500 | ||
|---|---|---|---|
| 003 | Arxiu | ||
| 005 | 20260324181035.0 | ||
| 008 | 160829s1955 spcaxx s spa c | ||
| 040 | |a AGDB | ||
| 100 | |a Castellet, J. M. |q (Josep Maria), |d 1926-2014 |9 29842 | ||
| 245 | 1 | 0 | |a Escuela del Trabajo / |c José María Castellet |
| 300 | |b Il·lustracions | ||
| 490 | |a San Jorge, |v núm. 18 (abril 1955), pàg. 80-87 | ||
| 500 | |a Fotografies: J. Leónard | ||
| 590 | |a Inclou 13 fotografies | ||
| 610 | 2 | 0 | |a Escola del Treball (Barcelona, Catalunya) |9 54586 |
| 700 | 1 | |9 55136 |a Léonard, Jacques, |d 1909-1995 |e fotografies | |
| 773 | |g Núm. 18 (abril 1955), pàg. 80-87 |t San Jorge. | ||
| 901 | |a Arxiu | ||
| 942 | |n 1 |2 udc |c ART | ||
| 952 | |0 0 |1 0 |4 0 |6 REV510 |7 1 |9 65134 |a Arxiu |b Arxiu |d 2023-01-26 |l 0 |o Rev-510 |r 2023-01-26 00:00:00 |w 2023-01-26 |y ARXIU |z També disponible a Rev-524 | ||
| 999 | |c 48191 |d 48191 | ||